<?xml version="1.0" encoding="UTF-8"?>
<record
    xmlns:xsi="http://www.w3.org/2001/XMLSchema-instance"
    xsi:schemaLocation="http://www.loc.gov/MARC21/slim http://www.loc.gov/standards/marcxml/schema/MARC21slim.xsd"
    xmlns="http://www.loc.gov/MARC21/slim">

  <leader>01656nam a22002297a 4500</leader>
  <controlfield tag="005">20250722152936.0</controlfield>
  <controlfield tag="008">250722b        |||||||| |||| 00| 0 eng d</controlfield>
  <datafield tag="020" ind1=" " ind2=" ">
    <subfield code="a">9789383866496</subfield>
  </datafield>
  <datafield tag="040" ind1=" " ind2=" ">
    <subfield code="c">AL</subfield>
  </datafield>
  <datafield tag="041" ind1=" " ind2=" ">
    <subfield code="a">English</subfield>
  </datafield>
  <datafield tag="082" ind1=" " ind2=" ">
    <subfield code="a">657.46</subfield>
    <subfield code="b">MEHD</subfield>
  </datafield>
  <datafield tag="100" ind1=" " ind2=" ">
    <subfield code="a">H C Mehrotra </subfield>
    <subfield code="9">219715</subfield>
  </datafield>
  <datafield tag="245" ind1=" " ind2=" ">
    <subfield code="a">Direct tax including tax planning and management</subfield>
    <subfield code="b">: assessment year 2025-26</subfield>
  </datafield>
  <datafield tag="250" ind1=" " ind2=" ">
    <subfield code="a">46</subfield>
  </datafield>
  <datafield tag="260" ind1=" " ind2=" ">
    <subfield code="a">Agra</subfield>
    <subfield code="b">Sahitya Bhawan publications</subfield>
    <subfield code="c">2025</subfield>
  </datafield>
  <datafield tag="300" ind1=" " ind2=" ">
    <subfield code="a">843 p.</subfield>
    <subfield code="b">PB</subfield>
    <subfield code="c">26x20 cm.</subfield>
  </datafield>
  <datafield tag="365" ind1=" " ind2=" ">
    <subfield code="a">2031</subfield>
    <subfield code="b">&#x20B9;640.00</subfield>
    <subfield code="c">&#x20B9;</subfield>
    <subfield code="d">&#x20B9;800.00</subfield>
    <subfield code="e">20%</subfield>
    <subfield code="f">22-07-2025</subfield>
  </datafield>
  <datafield tag="520" ind1=" " ind2=" ">
    <subfield code="a">Stay ahead of the tax game with this comprehensive guide to Direct Tax, including Tax Planning &amp; Management. The 46th Edition from Sahitya Bhawan Publications, updated for Assessment Year 2025-26, is authored by renowned experts Dr. H.C. Mehrotra and Dr. S.P. Goyal. This authoritative text provides in-depth coverage of direct taxation principles, recent amendments, and strategic tax planning approaches. Perfect for tax professionals, chartered accountants, business students, and anyone seeking to understand India's direct tax framework. The book offers clear explanations of complex tax concepts, practical examples, and detailed insights into tax management techniques. This edition incorporates the latest tax laws, regulations, and judicial pronouncements, making it an essential resource for navigating India's tax landscape effectively. Whether you're preparing for professional examinations or need a reliable reference for tax compliance, this book serves as your comprehensive guide.</subfield>
  </datafield>
  <datafield tag="650" ind1=" " ind2=" ">
    <subfield code="a">Direct tax</subfield>
    <subfield code="9">219688</subfield>
  </datafield>
  <datafield tag="700" ind1=" " ind2=" ">
    <subfield code="a">Goyal,S P</subfield>
    <subfield code="9">219689</subfield>
  </datafield>
  <datafield tag="942" ind1=" " ind2=" ">
    <subfield code="2">ddc</subfield>
    <subfield code="c">BK</subfield>
  </datafield>
  <datafield tag="999" ind1=" " ind2=" ">
    <subfield code="c">234646</subfield>
    <subfield code="d">234646</subfield>
  </datafield>
  <datafield tag="952" ind1=" " ind2=" ">
    <subfield code="0">0</subfield>
    <subfield code="1">0</subfield>
    <subfield code="2">ddc</subfield>
    <subfield code="4">0</subfield>
    <subfield code="7">0</subfield>
    <subfield code="8">COM</subfield>
    <subfield code="a">AL</subfield>
    <subfield code="b">AL</subfield>
    <subfield code="c">SK</subfield>
    <subfield code="d">2025-07-22</subfield>
    <subfield code="e">Biblios Book Point Surathkal Mangalore 575014</subfield>
    <subfield code="g">640.00</subfield>
    <subfield code="l">1</subfield>
    <subfield code="o">657.46 MEHD</subfield>
    <subfield code="p">077760</subfield>
    <subfield code="r">2026-03-25 15:36:02</subfield>
    <subfield code="s">2025-11-21</subfield>
    <subfield code="v">800.00</subfield>
    <subfield code="w">2025-07-22</subfield>
    <subfield code="y">BK</subfield>
  </datafield>
  <datafield tag="952" ind1=" " ind2=" ">
    <subfield code="0">0</subfield>
    <subfield code="1">0</subfield>
    <subfield code="2">ddc</subfield>
    <subfield code="4">0</subfield>
    <subfield code="7">0</subfield>
    <subfield code="8">COM</subfield>
    <subfield code="a">AL</subfield>
    <subfield code="b">AL</subfield>
    <subfield code="c">SK</subfield>
    <subfield code="d">2025-07-22</subfield>
    <subfield code="e">Biblios Book Point Surathkal Mangalore 575014</subfield>
    <subfield code="g">640.00</subfield>
    <subfield code="l">1</subfield>
    <subfield code="o">657.46 MEHD</subfield>
    <subfield code="p">077761</subfield>
    <subfield code="r">2026-03-25 15:35:31</subfield>
    <subfield code="s">2025-11-21</subfield>
    <subfield code="v">800.00</subfield>
    <subfield code="w">2025-07-22</subfield>
    <subfield code="y">BK</subfield>
  </datafield>
</record>
